Literature Reading, reacting, writing
Guardat en:
| Autor principal: | |
|---|---|
| Altres autors: | |
| Format: | Llibre |
| Idioma: | Undetermined |
| Publicat: |
Boston, MA
Thomson/Wadsworth
2007
|
| Accés en línia: | http://lrc.tdmu.edu.vn/opac/search/detail.asp?aID=2&ID=7350 |
| Etiquetes: |
Afegir etiqueta
Sense etiquetes, Sigues el primer a etiquetar aquest registre!
|
| Thư viện lưu trữ: | Trung tâm Học liệu Trường Đại học Thủ Dầu Một |
|---|
| LEADER | 00615nam a2200205Ia 4500 | ||
|---|---|---|---|
| 001 | TDMU_7350 | ||
| 008 | 210410s9999 xx 000 0 und d | ||
| 082 | |a 808 | ||
| 090 | |b K313 | ||
| 100 | |a Kirszner, Laurie G | ||
| 245 | 0 | |a Literature | |
| 245 | 0 | |b Reading, reacting, writing | |
| 245 | 0 | |c Laurie G. Kirszner, Stephen R. Mandell | |
| 260 | |a Boston, MA | ||
| 260 | |b Thomson/Wadsworth | ||
| 260 | |c 2007 | ||
| 300 | |a lii, 1648 p. | ||
| 700 | |a Mandell, Stephen R | ||
| 856 | |u http://lrc.tdmu.edu.vn/opac/search/detail.asp?aID=2&ID=7350 | ||
| 980 | |a Trung tâm Học liệu Trường Đại học Thủ Dầu Một | ||